000 006360000a22001810004500
001 768714001
003 CO-MdFUSB
005 20170424120726.0
008 170424s2005 cr ||||| |||| 00| 0 spa d
040 _aCO-MdFUSB
_bspa
_cCO-MdFUSB
_dCO-MdFUSB
041 _aspa
100 1 _aKhon Pelicer, Solange Billón
_eAutor
245 1 0 _aUn secreto para el desarrollo de la niñez :
_bproyectos educacionales
300 _aVolumen 7, número 26, (2005), Páginas 4-5
_c28 cm.
546 _aTexto en español
773 0 _tAlcanzando a los Niños en Riesgo
_049458
_960575
_gVolumen 7, número 26, (2005), Páginas 4-5
_qPágina 4
942 _cANA
999 _c60557
_d60557